[Event "Chigorin Memorial 19th"]
[Site "St Petersburg"]
[Date "2011.10.17"]
[Round "4"]
[White "Kovalenko, Igor"]
[Black "Monin, Nikolay"]
[Result "1/2-1/2"]
[WhiteElo "2578"]
[BlackElo "2365"]
[PlyCount "101"]
[EventDate "2011.10.14"]
[EventType "swiss"]
[EventRounds "9"]
[EventCountry "RUS"]
[SourceTitle "CBM 144 Extra"]
[Source "ChessBase"]
[SourceDate "2011.10.28"]
[SourceVersion "1"]
[SourceVersionDate "2011.10.28"]
[SourceQuality "1"]

1. Nf3 Nf6 2. d4 g6 3. c4 Bg7 4. Nc3 0-0 5. e4 d6 6. Be2 Nbd7 7. 0-0 e5 8. Re1 c6 9. dxe5 dxe5 10. Qc2 Re8 11. h3 Qc7 12. Be3 Nf8 13. Rad1 Nh5 14. c5 Nf4 15. Bf1 h6 16. Kh2 Nh7 17. g3 Ne6 18. Qc1 Qe7 19. Bg2 Nhg5 20. Ng1 Nd4 21. f4 Nge6 22. f5 Nxc5 23. Bxh6 gxf5 24. Bxg7 Kxg7 25. Rxd4 exd4 26. exf5 Qxe1 27. Qg5+ Kf8 28. f6 Re5 29. Qg7+ Ke8 30. Nf3 Qe3 31. Qg8+ Kd7 32. Nd1 Qe2 33. Qxf7+ Kd6 34. b4 Bxh3 35. bxc5+ Rxc5 36. Kxh3 Rh8+ 37. Nh4 Qe6+ 38. Qxe6+ Kxe6 39. Nf2 Rf5 40. Ne4 c5 41. g4 Rxf6 42. Nxc5+ Ke7 43. Kg3 Rxh4 44. Kxh4 Rf2 45. Bxb7 Rxa2 46. Kg3 Rc2 47. Na6 d3 48. Kf3 d2 49. Ke2 Kf6 50. Be4 Rc4 51. Bd3 1/2-1/2

[Event "Chigorin Memorial 19th"]
[Site "St Petersburg"]
[Date "2011.10.15"]
[Round "2"]
[White "Demchenko, Anton"]
[Black "Monin, Nikolay"]
[Result "1-0"]
[WhiteElo "2574"]
[BlackElo "2365"]
[PlyCount "75"]
[EventDate "2011.10.14"]
[EventType "swiss"]
[EventRounds "9"]
[EventCountry "RUS"]
[SourceTitle "CBM 144 Extra"]
[Source "ChessBase"]
[SourceDate "2011.10.28"]
[SourceVersion "1"]
[SourceVersionDate "2011.10.28"]
[SourceQuality "1"]

1. e4 e6 2. d4 d5 3. Nc3 Nf6 4. Bg5 Bb4 5. e5 h6 6. Bd2 Bxc3 7. bxc3 Ne4 8. Qg4 Kf8 9. Bd3 Nxd2 10. Kxd2 c5 11. h4 Nc6 12. Rh3 c4 13. Be2 b5 14. a3 a5 15. Qf4 Bd7 16. Bh5 Be8 17. Ne2 b4 18. Rf3 bxc3+ 19. Nxc3 Qb6 20. Ne2 Ra7 21. Qe3 Qb2 22. Rg1 Rb7 23. Qf4 Nd8 24. Nc3 Qxa3 25. Nxd5 Qa4 26. Nc3 Qd7 27. Rd1 Qe7 28. Bg6 Bc6 29. Be4 Rd7 30. Ke2 h5 31. Bxc6 Nxc6 32. Nb5 Nb4 33. Nd6 Nd5 34. Qe4 Rxd6 35. exd6 Qxd6 36. Rb1 g6 37. Rb7 Rh7 38. Qxg6 1-0